แสดงรายละเอียดบรรณานุกรม
  กลับหน้าหลัก

Brief Record : Get Marc (ISO 2709) : E-mail record : QR code ปิดหน้าต่าง
LEADER 00000nama 2200000uu 4500
008    040531s|||| th m m a000 0 tha d
041    tha
050    อ WY 18 ม226ส 2552.
100    มหาวิทยาลัยขอนแก่น คณะแพทยศาสตร์ ฝ่ายวิชาการและวิเทศสัมพันธ์.
245    สรุปผลการสัมมนาเชิงปฎิบัติการ คุณภาพการเรียนการสอนภาคปฏิบัติของหลักสูตรการศึกษาพยาบาล วันที่ 21 กุมภาพันธ์ 2552/ ฝ่ายวิชาการและวิเทศสัมพันธ์ คณะพยาบาลศาสตร์ มหาวิทยาลัยขอนแก่น.
260    ขอนแก่น. คณะแพทย์ศาสตร์ มหาวิทยาลัยขอนแก่น. 2552.
300    62 หน้า.
650    1.คุณภาพการจัดการเรียนการสอน.
995    002
รายการนี้ยังไม่มีแท็ก
คุณยังไม่ได้ล็อกอิน คุณสามารถมีกิจกรรมร่วมกับเว็บไซต์ได้ แต่ต้องล็อกอินก่อน ::
  ล็อกอิน
ลำดับที่ ประเภท เลขเรียก สถานที่ สถานะ
1. หนังสือทั่วไป
หนังสือทั่วไป
อ WY 18 ม226ส 2552.  
  
หนังสือทั่วไป On Shelf
  ขอยืม
   [แสดง 1/1 รายการ]

BibComment


ยังไม่เคยถูกคอมเมนท์

คอมเมนท์ทรัพยากรรายการนี้
  คอมเมนท์: สรุปผลการสัมมนาเช..
Bib 200533

 
 
 

 Union Library Management : ULibM
Copyright 2026. All Rights Reserved.
скачать бесплатно без регистрации порно красивый секс HD Sex Hindi sex

xxx gou

xxxx

bfxxx

xxxwww

Секса Видео

xxxx

Секса Видео

detube

geilexxx

C99 Shell

worms shell

blod xxx video
Ebony Coed Rihanna Rimes Takes A Dick In Her Young Twat priyaa indian fuck anal and pusssy hardcore indian women xxx desi hardcore fucking part 1 bengalixxxcouple